000 00456nam a22001697a 4500
008 131111b xxu||||| |||| 00| 0 alb d
020 _a9789994397402
041 0 _aalb
080 _a336
_x(046.5)
100 1 _aLuçi, Edlira
245 1 0 _aPortofoli i shoqërive financiare /
260 _aTiranë :
_bBotime Maluka ;
_c2007.
300 _a206 f. :
_c21 cm.
500 _aBibliografia : f. 203 - 206
650 _aFinanca
942 _2udc
_cBK
999 _c259
_d259